Top 5 Songs On MM...FOOD (MF DOOM) - Statistics

General Stats
  • This quiz has been taken 179 times
  • The average score is 4 of 5
Answer Stats
Hint Answer % Correct
78,715,651 One Beer
94%
157,046,249 Rapp Snitch Knishesfeat. Mr. Fantastik
82%
67,606,849 Hoe Cakes
81%
26,077,899 Potholderzfeat. Count Bass D
52%
26,459,757 Deep Fried Frenz
43%
No matching quizzes found
Score Distribution
Percent of People with Each Score
Percentile by Number Answered
Your Score History
You have not taken this quiz